| 000 | 00391nam a22001457a 4500 | ||
|---|---|---|---|
| 082 |
_a530 _bARF _cN-01, P-45 |
||
| 100 |
_aArfken _939733 |
||
| 245 |
_aMathematical methods for physicists _cArfken |
||
| 250 | _a6th ed. | ||
| 260 |
_aPakistan : _bNational Book Foundation, _c. |
||
| 300 | _a1182 p. : | ||
| 526 |
_a0 _b0 _c0 _d530_000000000000000_ARF |
||
| 650 |
_aNUST _96342 |
||
| 942 |
_2ddc _cBK |
||
| 999 |
_c544178 _d544178 |
||